Diagnosing your heart condition (Registro nro. 68863)
[ vista simple ]
| 000 -LÍDER | |
|---|---|
| Campo fijo de descripción fija | 01363nab a2200241 i 4500 |
| 001 - NÚMERO DE CONTROL | |
| Campo de control | 768714001 |
| 003 - IDENTIFICADOR DEL NÚMERO DE CONTROL | |
| Campo de control | CO-MdFUSB |
| 005 - FECHA Y HORA DE LA ULTIMA TRANSACCIÓN | |
| control field | 20230508100636.0 |
| 008 - ELEMENTOS DE LONGITUD FIJA -- INFORMACIÓN GENERAL | |
| Campo fijo de descripción fija -- Información general | 230508s1993 us ||||| |||| 00| 0 eng d |
| 040 ## - FUENTE DE CATALOGACIÓN | |
| Idioma de catalogación | spa |
| Agencia Catalogadora | CO-MdFUSB |
| Agencia que realiza la transcripción | CO-MdFUSB |
| Agencia que realiza la modificación | CO-MdFUSB |
| 041 ## - CÓDIGO DE IDIOMA | |
| Código de idioma para texto/pista de sonido o título separado | eng |
| 100 ## - ASIENTO PRINCIPAL--NOMBRE PERSONAL | |
| Nombre personal | Blackaby, Henry. |
| Término relacionador | autor |
| 245 1# - TÍTULO | |
| Título | Diagnosing your heart condition |
| Subtitulo | : what are the vital signs of spiritual fitness? |
| Mención de responsabilidad | / un foro de LEADERSHIP con Henry Blackaby, Danny Morris, David Rockness, y Rubel Shelly |
| 300 ## - DESCRIPCIÓN FÍSICA | |
| Extensión | Volumen 14, número 4 (Fall 1993), páginas 16 - 24 |
| Dimensiones | ; 27 cm. |
| 520 ## - NOTA DE RESUMEN, ETC. | |
| Nota de sumario, etc. | Si le preguntas a un pastor cómo está su espiritualidad, usualmente enfatiza mucho más en sus deficiencias. ¿cómo podemos evaluar con precisión nuestros signos vitales espirituales? ¿Cómo se puede tener una vida espiritualmente apta? <br/>Para responder a estas preguntas LIDERSHIP charla con cuatro líderes que conocen los riesgos del ministerio interpersonal pero que también han abordado la necesidad de alimentar sus almas. |
| 546 ## - NOTA DE IDIOMA | |
| Nota de idioma | Texto en Inglés |
| 650 #0 - ASIENTO SECUNDARIO DE MATERIA - TERMINO TEMÁTICO | |
| 9 (RLIN) | 51 |
| Término temático o nombre geográfico como elemento de entrada | Vida espiritual |
| 700 ## - ENTR. SECUNDARIA - Nombre Personal (R) | |
| Nombre de persona | Morris, Danny |
| Término indicativo de función | autor |
| 700 ## - ENTR. SECUNDARIA - Nombre Personal (R) | |
| Nombre de persona | Rockness, David |
| Término indicativo de función | autor |
| 700 ## - ENTR. SECUNDARIA - Nombre Personal (R) | |
| Nombre de persona | Shelly, Rubel |
| Término indicativo de función | autor |
| 773 0# - ASIENTO DE ITEM FUENTE | |
| Biblionumber | 68780 |
| Itemnumber | 81953 |
| Otro identificador del ítem | R2466 |
| Título | Leadership : |
| Número de control del registro | (CO-MdFUSB)768714001 |
| Parte(s) relacionada(s) / Volumen., número. (mes año), páginas | Volumen 14, número 4 (Fall 1993), páginas 16 - 24 |
| Enumeración y primera página | página 16 |
| 942 ## - TIPO DE MATERIAL (KOHA) | |
| Tipo de Item KOHA | Artículos de Revista |
No hay ítems disponibles.
